[Event "SR 3. liga A2 2014/2015"]
[Site "?"]
[Date "2014.10.19"]
[Round "1.1"]
[White "Kovarik, Oto"]
[Black "Miciak, Emanuel"]
[Result "0-1"]
[WhiteElo "1926"]
[BlackElo "1882"]
[PlyCount "88"]
[EventDate "2015.??.??"]

1. e4 c5 2. Nf3 Nc6 3. d4 cxd4 4. Nxd4 Nf6 5. Nc3 e5 6. Nf3 Bb4 7. Bd3 d5 8.
exd5 Nxd5 9. Bd2 Bxc3 10. bxc3 h6 11. O-O O-O 12. Rb1 Qc7 13. c4 Nf6 14. Re1
Re8 15. Bc3 Bg4 16. Be2 Rad8 17. Qc1 Ne4 18. Ba1 Bxf3 19. gxf3 Nd2 20. Rb5 Nd4
21. Bxd4 Rxd4 22. c3 Rdd8 23. Qb2 b6 24. c5 Qc6 25. cxb6 Nxf3+ 26. Bxf3 Qxf3
27. Qe2 Qxc3 28. Rb3 Qd4 29. b7 Qd6 30. Qe4 Re6 31. Qa4 Rg6+ 32. Rg3 Rxg3+ 33.
hxg3 Qb6 34. Qe4 Rd2 35. Re3 Rxa2 36. Rf3 Ra1+ 37. Kg2 Qb5 38. Rd3 g6 39. Rd8+
Kh7 40. Qd5 Qf1+ 41. Kf3 Ra3+ 42. Kg4 f5+ 43. Kh4 g5+ 44. Kh5 Qh3# 0-1

[Event "SR 3. liga A2 2014/2015"]
[Site "?"]
[Date "2014.10.19"]
[Round "1.1"]
[White "Podjavorinsky, Michal"]
[Black "Husek, Lubomir"]
[Result "1/2-1/2"]
[WhiteElo "1736"]
[BlackElo "1854"]
[PlyCount "91"]
[EventDate "2015.??.??"]

1. e4 d6 2. d4 Nf6 3. Nc3 g6 4. Bg5 Bg7 5. Bd3 O-O 6. Nf3 c5 7. dxc5 dxc5 8.
O-O Nc6 9. a3 Bg4 10. Be2 Bxf3 11. Bxf3 Qc7 12. Bxf6 exf6 13. Nd5 Qe5 14. c3
Rad8 15. Qc2 Rfe8 16. Rad1 b6 17. g3 Rc8 18. Bg4 Rcd8 19. Bf3 Qb8 20. Rfe1 Ne5
21. Bg2 c4 22. Re3 b5 23. Bf1 Ng4 24. Ree1 f5 25. h3 Nh6 26. Bg2 fxe4 27. Bxe4
Nf5 28. Bxf5 Rxe1+ 29. Rxe1 Rxd5 30. Bg4 Qd8 31. Qe2 Rd2 32. Qe8+ Qxe8 33.
Rxe8+ Bf8 34. Re2 Rd6 35. Kg2 Kg7 36. Bf3 Kf6 37. h4 Bh6 38. Bb7 Rb6 39. Bf3 a5
40. Bd5 Rd6 41. Bb7 Bc1 42. Rc2 Bd2 43. Kf1 Ke6 44. Bc8+ Ke5 45. f4+ Ke4 46.
Ke2 1/2-1/2

[Event "SR 3. liga A2 2014/2015"]
[Site "?"]
[Date "2014.10.19"]
[Round "1.1"]
[White "Holiencin, Filip"]
[Black "Smrek, Peter"]
[Result "0-1"]
[WhiteElo "1845"]
[BlackElo "1831"]
[PlyCount "144"]
[EventDate "2015.??.??"]

1. d4 c5 2. dxc5 Nc6 3. Nf3 Nf6 4. Bf4 Qa5+ 5. Qd2 Qxc5 6. Nc3 d5 7. e3 a6 8.
Bd3 Nh5 9. Bg3 Nxg3 10. hxg3 h6 11. e4 d4 12. Nd5 Qd6 13. Qf4 e5 14. Qd2 Be6
15. Nb6 Rd8 16. Nc4 Qc5 17. b3 f6 18. Nh4 Bf7 19. f4 b5 20. Na5 Rc8 21. Nxc6
Rxc6 22. Nf3 Qa3 23. Qc1 Qa5+ 24. Ke2 Ba3 25. Qe1 Bb4 26. Qf2 Bc3 27. fxe5 Bxa1
28. Rxa1 Qc3 29. Qxd4 fxe5 30. Qxc3 Rxc3 31. Nxe5 O-O 32. Nxf7 Rxf7 33. Rf1
Rxf1 34. Kxf1 Kf7 35. a3 Ke6 36. Ke2 Ke5 37. Ke3 a5 38. Kd2 Kd4 39. e5 Rc5 40.
e6 Re5 41. e7 Kc5 42. Be2 Rxe7 43. g4 b4 44. a4 Kd4 45. Bc4 Re4 46. Be2 Re3 47.
Bf3 Rc3 48. Bb7 g5 49. Bf3 Ke5 50. Be2 Kf4 51. Bf3 Kg3 52. Kd1 Kh4 53. Kd2 h5
54. gxh5 g4 55. Be4 Kxh5 56. Bd3 Kh4 57. Be4 Kg3 58. Bd5 Kf2 59. Bb7 g3 60. Be4
Rc8 61. Kd3 Re8 62. Bb7 Re3+ 63. Kc4 Ke2 64. Kb5 Re5+ 65. Kb6 Kd2 66. Ba6 Kxc2
67. Bc4 Kc3 68. Kc6 Rf5 69. Kb6 Rf2 70. Kxa5 Rxg2 71. Kb6 Ra2 72. Bd5 g2 0-1

[Event "SR 3. liga A2 2014/2015"]
[Site "?"]
[Date "2014.10.19"]
[Round "1.1"]
[White "Lajda, Dusan"]
[Black "Vach, Jozef"]
[Result "1-0"]
[WhiteElo "1853"]
[BlackElo "1778"]
[PlyCount "87"]
[EventDate "2015.??.??"]

1. e4 e5 2. Nf3 Nc6 3. Bc4 d6 4. c3 Bg4 5. d3 Bxf3 6. Qxf3 Qf6 7. Qd1 Nge7 8.
O-O g5 9. b4 Bg7 10. Be3 O-O 11. Nd2 Ng6 12. g3 h6 13. a4 Nd8 14. Rb1 Ne6 15.
a5 a6 16. Rb2 c6 17. Bb3 Rad8 18. Nc4 d5 19. exd5 cxd5 20. Nb6 d4 21. Nd5 Rxd5
22. Bxd5 dxe3 23. fxe3 Qe7 24. Rbf2 f6 25. Qf3 Rb8 26. Ra2 Kh8 27. Qf5 Ngf8 28.
Qe4 Nc7 29. Bc4 Qd7 30. d4 exd4 31. exd4 Nb5 32. Qd3 Nd6 33. Bb3 Qc6 34. Bc2
Rc8 35. Rf3 Qc4 36. Qxc4 Nxc4 37. Bb3 Nd6 38. Re2 Nc4 39. Bxc4 Rxc4 40. Re7 b5
41. axb6 Rc6 42. b7 Rb6 43. d5 Ng6 44. Re8+ 1-0

[Event "SR 3. liga A2 2014/2015"]
[Site "?"]
[Date "2014.10.19"]
[Round "1.1"]
[White "Hrubos, Milan"]
[Black "Krchnak, Rudolf"]
[Result "1-0"]
[WhiteElo "1771"]
[BlackElo "1796"]
[PlyCount "85"]
[EventDate "2015.??.??"]

1. e4 c5 2. Nf3 d6 3. d4 cxd4 4. Nxd4 Nf6 5. Nc3 a6 6. Bg5 e6 7. f4 Be7 8. Qf3
Qc7 9. O-O-O Nbd7 10. g4 b5 11. Bxf6 Nxf6 12. g5 Nd7 13. Rg1 Bb7 14. f5 e5 15.
Nb3 Rc8 16. Bd3 Nc5 17. f6 gxf6 18. gxf6 Bf8 19. Nxc5 Qxc5 20. Qh5 Qe3+ 21. Kb1
Qh6 22. Qf5 Rc5 23. b4 Rxc3 24. Kb2 Rc7 25. Qf2 Qh3 26. Rg3 Qe6 27. c3 Qc8 28.
Bc2 Rc4 29. Qe2 Qc7 30. a4 Kd8 31. axb5 axb5 32. Rc1 Bh6 33. Rd1 Bf8 34. Ra1
Bh6 35. Ra3 Kc8 36. Bd3 Rc6 37. Bxb5 Rb6 38. Ra5 Bf4 39. Rg7 Qxc3+ 40. Kxc3 Kb8
41. Rxf7 Rc8+ 42. Kb3 Bc6 43. Bxc6 1-0

[Event "SR 3. liga A2 2014/2015"]
[Site "?"]
[Date "2014.10.19"]
[Round "1.2"]
[White "Diviak, Rastislav"]
[Black "Takacs, Laszlo"]
[Result "1-0"]
[WhiteElo "2001"]
[BlackElo "2110"]
[PlyCount "61"]
[EventDate "2015.??.??"]

1. e4 c5 2. Nf3 d6 3. d4 cxd4 4. Nxd4 Nf6 5. Nc3 g6 6. Be3 Bg7 7. f3 O-O 8. Qd2
Nc6 9. O-O-O Bd7 10. h4 Nxd4 11. Bxd4 Qa5 12. Kb1 Rfc8 13. g4 e5 14. Be3 Be6
15. a3 h5 16. g5 Nd7 17. Bh3 Bxh3 18. Rxh3 Bf8 19. Nd5 Qd8 20. Qf2 Qa5 21. f4
exf4 22. Bxf4 Rc4 23. Bd2 Qb5 24. Rf1 Ne5 25. Bc3 Rxc3 26. Rxc3 Qa4 27. Rc7 Bg7
28. Rxf7 Nxf7 29. Qxf7+ Kh8 30. Qxg6 Qb5 31. Qxh5+ 1-0

[Event "SR 3. liga A2 2014/2015"]
[Site "?"]
[Date "2014.10.19"]
[Round "1.2"]
[White "Rachela, Jozef"]
[Black "Nemeckay, Rastislav"]
[Result "1/2-1/2"]
[WhiteElo "2048"]
[BlackElo "1985"]
[PlyCount "94"]
[EventDate "2015.??.??"]

1. d4 d5 2. Nf3 Nf6 3. c4 c6 4. Nc3 e6 5. cxd5 exd5 6. Qc2 Bg4 7. Ne5 Bh5 8.
Bf4 Nbd7 9. e3 Nxe5 10. Bxe5 Bg6 11. Bd3 Bxd3 12. Qxd3 Bd6 13. Bxf6 Qxf6 14.
O-O O-O 15. a3 a5 16. Rac1 Rfe8 17. Ne2 Re6 18. Ng3 Qh4 19. f4 Rae8 20. Nf5 Qd8
21. Rf3 g6 22. Nh6+ Kg7 23. Ng4 f6 24. f5 Re4 25. Nf2 R4e7 26. fxg6 hxg6 27.
Rf1 Re6 28. Qd2 Rh8 29. h3 Qe7 30. Nd3 Re8 31. Qf2 Rf8 32. Re1 Re4 33. Qd2 Qc7
34. Nf2 Re6 35. Ng4 f5 36. Nf2 Bh2+ 37. Kh1 Bg3 38. Rf1 Ref6 39. Nd3 Bd6 40.
Qc3 f4 41. Ne5 fxe3 42. Rxf6 Rxf6 43. Rxf6 Kxf6 44. Ng4+ Kg7 45. Qxe3 Qf7 46.
g3 Qf5 47. Kg2 Qc2+ 1/2-1/2

[Event "SR 3. liga A2 2014/2015"]
[Site "?"]
[Date "2014.10.19"]
[Round "1.2"]
[White "Hanzluvka, Peter"]
[Black "Merva, Frantisek"]
[Result "0-1"]
[WhiteElo "1922"]
[BlackElo "2045"]
[PlyCount "90"]
[EventDate "2015.??.??"]

1. e4 d5 2. exd5 Qxd5 3. Nf3 Nf6 4. Nc3 Qa5 5. Be2 Bg4 6. h3 Bh5 7. O-O e6 8.
d4 c6 9. Bd2 Qc7 10. Bg5 Nbd7 11. Bh4 Bd6 12. Qe1 h6 13. Bxf6 Nxf6 14. Nd2 Bg6
15. Qd1 Rd8 16. Nf3 O-O 17. Bd3 Bxd3 18. Qxd3 Qa5 19. Qe2 Qf5 20. Rad1 Rfe8 21.
Ne5 c5 22. Nf3 a6 23. dxc5 Bxc5 24. Rxd8 Rxd8 25. Rd1 Rc8 26. Nd4 Bxd4 27. Rxd4
b5 28. a3 Qc5 29. Qd3 g6 30. Rd6 Rc6 31. Rd8+ Kg7 32. Qg3 Qf5 33. Qb8 Qxc2 34.
Rh8 Qc1+ 35. Kh2 g5 36. Qf8+ Kg6 37. Qxh6+ Kf5 38. g4+ Ke5 39. Ne2 Qd2 40. Kg2
Ne4 41. Qg7+ f6 42. f4+ gxf4 43. Rh5+ Kd6 44. Qf8+ Kc7 45. Rh7+ Kb6 0-1

[Event "SR 3. liga A2 2014/2015"]
[Site "?"]
[Date "2014.10.19"]
[Round "1.2"]
[White "Kalmar, Tamas"]
[Black "Diviak, Rudolf"]
[Result "1-0"]
[WhiteElo "1966"]
[BlackElo "1836"]
[PlyCount "59"]
[EventDate "2015.??.??"]

1. d4 d6 2. c4 g6 3. Nc3 Bg7 4. e4 Nf6 5. f3 Nbd7 6. Be3 O-O 7. Bd3 e5 8. Nge2
exd4 9. Nxd4 Ne5 10. O-O Nxd3 11. Qxd3 Nd7 12. Qd2 Ne5 13. b3 Re8 14. Rad1 Bd7
15. Nd5 Bc6 16. Bg5 f6 17. Be3 Qd7 18. Rc1 a6 19. Rfd1 Rad8 20. Qf2 Qf7 21.
Nxc6 Nxc6 22. Rc2 Rd7 23. Rcd2 Red8 24. Bf4 Ne5 25. Bxe5 dxe5 26. Kf1 Bh6 27.
Nxf6+ Qxf6 28. Rxd7 Rf8 29. Qc5 Qh4 30. Qd5+ 1-0

[Event "SR 3. liga A2 2014/2015"]
[Site "?"]
[Date "2014.10.19"]
[Round "1.2"]
[White "Skapik, Branislav"]
[Black "Kahancova, Jana"]
[Result "1-0"]
[WhiteElo "1822"]
[BlackElo "1717"]
[PlyCount "39"]
[EventDate "2015.??.??"]

1. Nf3 Nf6 2. g3 d5 3. Bg2 c6 4. d3 Nbd7 5. O-O e5 6. Nbd2 Bd6 7. e4 O-O 8. Re1
Re8 9. Nf1 Nc5 10. Bg5 h6 11. Bxf6 Qxf6 12. exd5 cxd5 13. d4 Ne4 14. N1d2 Nxd2
15. Nxd2 e4 16. c4 Qxd4 17. cxd5 Qxd5 18. Nxe4 Qxd1 19. Raxd1 Bb4 20. Nf6+ 1-0

[Event "SR 3. liga A2 2014/2015"]
[Site "?"]
[Date "2014.10.19"]
[Round "1.2"]
[White "Matis, Tibor"]
[Black "Pericka, Pavol"]
[Result "1/2-1/2"]
[WhiteElo "1664"]
[BlackElo "1789"]
[PlyCount "38"]
[EventDate "2015.??.??"]

1. e4 e5 2. Nf3 Nc6 3. d4 exd4 4. Nxd4 Qh4 5. Qd3 Nf6 6. Nd2 Nxd4 7. Qxd4 d5 8.
g3 Qg4 9. h3 Qe6 10. Bg2 c5 11. Qd3 dxe4 12. Nxe4 c4 13. Qe2 Nd5 14. Nd6+ Bxd6
15. Bxd5 Qxe2+ 16. Kxe2 O-O 17. Bxc4 Re8+ 18. Kf3 Bf5 19. Bd3 Be6 1/2-1/2

[Event "SR 3. liga A2 2014/2015"]
[Site "?"]
[Date "2014.10.19"]
[Round "1.2"]
[White "Sobek, Michal"]
[Black "Kahanec, Jan"]
[Result "1-0"]
[WhiteElo "1684"]
[BlackElo "1691"]
[PlyCount "55"]
[EventDate "2015.??.??"]

1. e4 e5 2. Nf3 Nc6 3. Bb5 d6 4. d4 exd4 5. Qxd4 Bd7 6. Bxc6 Bxc6 7. Nc3 Nf6 8.
Bg5 Be7 9. O-O-O h6 10. Bf4 a6 11. Rhe1 O-O 12. h3 Re8 13. g4 Nh7 14. Kb1 Ng5
15. Qe3 Nxf3 16. Qxf3 Bg5 17. Bg3 b5 18. Qe2 Qf6 19. f4 Bh4 20. Bxh4 Qxh4 21.
Rg1 Qf6 22. Rdf1 b4 23. g5 hxg5 24. fxg5 Qe6 25. Rf6 gxf6 26. gxf6+ Kf8 27.
Rg8+ Kxg8 28. Qg2+ 1-0

[Event "SR 3. liga A2 2014/2015"]
[Site "?"]
[Date "2014.10.19"]
[Round "1.2"]
[White "Gogora, Kristian"]
[Black "Ulehla, Jakub"]
[Result "1-0"]
[WhiteElo "1528"]
[BlackElo "1479"]
[PlyCount "109"]
[EventDate "2015.??.??"]

1. d4 d5 2. c4 c6 3. Nc3 Nf6 4. Bf4 e6 5. e3 Be7 6. cxd5 exd5 7. Bd3 O-O 8.
Nge2 Nbd7 9. Ng3 Nb6 10. O-O Re8 11. Qc2 h6 12. Nf5 Bxf5 13. Bxf5 Bd6 14. Bxd6
Qxd6 15. h3 Rad8 16. Rab1 Nc4 17. Rfd1 Qc7 18. Qa4 Nd6 19. Bd3 a6 20. Qc2 Nde4
21. Bxe4 Nxe4 22. Na4 Rd6 23. b4 Rf6 24. Rf1 Qd7 25. Nc5 Nxc5 26. bxc5 Rg6 27.
Kh2 Ree6 28. Qb2 Re7 29. Qb6 Qc7+ 30. Qxc7 Rxc7 31. Rb6 Rf6 32. Kg3 Rg6+ 33.
Kf3 Rf6+ 34. Ke2 Rg6 35. g3 Re6 36. a4 g5 37. Rfb1 Ree7 38. Kf3 f6 39. Kg4 Rh7
40. R1b2 Kf8 41. Kf5 Rcf7 42. Ke6 Ke8 43. Kf5 Kd8 44. e4 dxe4 45. Kxe4 Kc8 46.
Kf5 Rhg7 47. Re2 Rd7 48. Rb4 Rg8 49. Rd2 Rf7 50. Ke6 Rff8 51. d5 Rd8 52. d6
Rge8+ 53. Kf5 Kd7 54. Rxb7+ Kc8 55. Rc7+ 1-0

[Event "SR 3. liga A2 2014/2015"]
[Site "?"]
[Date "2014.10.19"]
[Round "1.3"]
[White "Bisco, Igor"]
[Black "Gasa, Andrej"]
[Result "0-1"]
[WhiteElo "2079"]
[BlackElo "2317"]
[PlyCount "82"]
[EventDate "2015.??.??"]

1. e4 c5 2. Nf3 d6 3. d4 cxd4 4. Nxd4 Nf6 5. Nc3 a6 6. h3 e5 7. Nb3 Be6 8. Bg5
Be7 9. Qd2 h6 10. Be3 Nbd7 11. g4 Qc7 12. O-O-O Nb6 13. f4 Nc4 14. Bxc4 Bxc4
15. Qf2 b5 16. Nd5 Bxd5 17. exd5 Rc8 18. Rhe1 Nd7 19. Kb1 O-O 20. h4 f5 21. g5
h5 22. Re2 g6 23. Bd4 Rfe8 24. Bc3 Bf8 25. Rde1 Kf7 26. Na5 Qc5 27. Qxc5 Rxc5
28. Nc6 Rxd5 29. Nb4 Rc5 30. Nxa6 Rc4 31. fxe5 dxe5 32. Bxe5 Rc6 33. Nc7 Rxe5
34. Rxe5 Nxe5 35. Rxe5 Rxc7 36. Rxb5 Rc4 37. b3 Rxh4 38. a4 f4 39. Kc1 f3 40.
Kd2 Re4 41. Rb7+ Be7 0-1

[Event "SR 3. liga A2 2014/2015"]
[Site "?"]
[Date "2014.10.19"]
[Round "1.3"]
[White "Gasa, Patrik"]
[Black "Malar, Pavol"]
[Result "1/2-1/2"]
[WhiteElo "2074"]
[BlackElo "2062"]
[PlyCount "69"]
[EventDate "2015.??.??"]

1. d4 Nf6 2. Nf3 e6 3. c4 Bb4+ 4. Nbd2 c5 5. e3 Nc6 6. dxc5 O-O 7. Bd3 Bxc5 8.
O-O d5 9. a3 a5 10. cxd5 exd5 11. Nb3 Bd6 12. Nbd4 Nxd4 13. Nxd4 Ng4 14. h3 Ne5
15. Bf5 Qf6 16. Bxc8 Raxc8 17. Bd2 Nc6 18. Bc3 Be5 19. Qb3 Nxd4 20. exd4 Bxd4
21. Bxd4 Qxd4 22. Rfd1 Qc4 23. Qxb7 d4 24. Qb6 Rb8 25. Qxd4 Qxd4 26. Rxd4 Rxb2
27. Rd5 Ra8 28. Rc1 g6 29. Rc3 Ra7 30. g3 a4 31. Rd4 Rb1+ 32. Kg2 Rb2 33. Kf3
Rb3 34. Rdd3 Rab7 35. Ke3 1/2-1/2

[Event "SR 3. liga A2 2014/2015"]
[Site "?"]
[Date "2014.10.19"]
[Round "1.3"]
[White "Slamena, Michal"]
[Black "Sebesta, Radovan"]
[Result "0-1"]
[WhiteElo "1993"]
[BlackElo "2048"]
[PlyCount "56"]
[EventDate "2015.??.??"]

1. e4 c5 2. Nf3 Nc6 3. d4 cxd4 4. Nxd4 g6 5. Be2 Bg7 6. Be3 Nf6 7. Nc3 O-O 8.
O-O d6 9. h3 Bd7 10. Qd2 a6 11. a4 Rc8 12. f4 Nxd4 13. Bxd4 Bc6 14. Bf3 Qc7 15.
a5 Nd7 16. Bg4 h5 17. Be2 Nc5 18. Bxg7 Kxg7 19. Qd4+ Kg8 20. f5 e5 21. Qe3 Kh7
22. g4 Qe7 23. f6 Qe6 24. Kh2 h4 25. Qg5 Rh8 26. Bf3 Kg8 27. Rad1 Qc4 28. Qe3
Ne6 0-1

[Event "SR 3. liga A2 2014/2015"]
[Site "?"]
[Date "2014.10.19"]
[Round "1.3"]
[White "Lanik, Miroslav"]
[Black "Skocik, Jozef"]
[Result "1/2-1/2"]
[WhiteElo "1895"]
[BlackElo "1921"]
[PlyCount "69"]
[EventDate "2015.??.??"]

1. e4 c5 2. Nf3 d6 3. d4 cxd4 4. Nxd4 Nf6 5. Nc3 g6 6. Be3 Bg7 7. f3 O-O 8. Qd2
Nc6 9. O-O-O Re8 10. Kb1 Bd7 11. g4 a6 12. g5 Nh5 13. Nd5 b5 14. Nxc6 Bxc6 15.
Be2 Rb8 16. Nf4 Nxf4 17. Bxf4 a5 18. h4 f5 19. gxf6 Bxf6 20. h5 Kg7 21. Bg5
Bxg5 22. Qxg5 e5 23. Qg3 g5 24. Rhg1 h6 25. Bd3 Rf8 26. Rdf1 Rf4 27. Qf2 Qb6
28. Qxb6 Rxb6 29. Rg4 Rb8 30. Rxf4 exf4 31. c4 Kf6 32. cxb5 Bxb5 33. Bxb5 Rxb5
34. Kc2 Ke5 35. Rd1 1/2-1/2

[Event "SR 3. liga A2 2014/2015"]
[Site "?"]
[Date "2014.10.19"]
[Round "1.3"]
[White "Drgon, Matus"]
[Black "Palka, Martin"]
[Result "0-1"]
[WhiteElo "1754"]
[BlackElo "1890"]
[PlyCount "72"]
[EventDate "2015.??.??"]

1. d4 Nf6 2. c4 e6 3. Nf3 d5 4. Bf4 Be7 5. Nc3 O-O 6. e3 a6 7. Bd3 Nbd7 8. cxd5
exd5 9. O-O Re8 10. Rc1 Nf8 11. Ne2 c6 12. Ng3 Ng6 13. Be5 Ng4 14. Qc2 N4xe5
15. Nxe5 Bd6 16. f4 Nf8 17. Rce1 f6 18. Nf3 Qc7 19. Nh4 g6 20. a3 f5 21. Nf3
Be6 22. Ne5 Rac8 23. Rc1 c5 24. Qb1 c4 25. Bc2 b5 26. Rf3 Nd7 27. Nxf5 gxf5 28.
Rg3+ Kh8 29. Bxf5 Nxe5 30. Bxe6 Nd3 31. Bxc8 Nxc1 32. Bg4 Nd3 33. Rh3 Bxf4 34.
Bf5 Bxe3+ 35. Kf1 Qf4+ 36. Rf3 Qxd4 0-1

[Event "SR 3. liga A2 2014/2015"]
[Site "?"]
[Date "2014.10.19"]
[Round "1.3"]
[White "Skapikova, Lubica"]
[Black "Gajarsky, Roman"]
[Result "1/2-1/2"]
[WhiteElo "1862"]
[BlackElo "1787"]
[PlyCount "105"]
[EventDate "2015.??.??"]

1. e4 c5 2. Nf3 Nc6 3. d4 cxd4 4. Nxd4 e6 5. Nc3 Bb4 6. f3 a6 7. Nxc6 bxc6 8.
Bd2 d5 9. a3 Bc5 10. Na4 Ba7 11. Bf4 Qa5+ 12. c3 Nf6 13. b4 Qd8 14. e5 Nh5 15.
Qd2 Nxf4 16. Qxf4 Qe7 17. Bd3 h6 18. Ke2 Bb7 19. Rhe1 Qg5 20. g3 Ke7 21. h4
Qxf4 22. gxf4 g5 23. f5 exf5 24. Bxf5 Bc8 25. Bxc8 Raxc8 26. Kd3 Ke6 27. Re2
Rcg8 28. c4 dxc4+ 29. Kxc4 g4 30. f4 g3 31. Nc5+ Kf5 32. Rf1 Rg4 33. e6 f6 34.
e7 Re8 35. Nb7 Rxf4+ 36. Rxf4+ Kxf4 37. Nd6 Rxe7 38. Rxe7 g2 39. Rg7 g1=Q 40.
Rxg1 Bxg1 41. Nf7 h5 42. Nd8 f5 43. Nxc6 Ke4 44. Ne7 f4 45. Nd5 f3 46. Nf6+ Ke3
47. Nxh5 Bf2 48. Nf6 Bxh4 49. Nd5+ Ke2 50. Nc3+ Kd2 51. Ne4+ Kc2 52. a4 Bd8 53.
a5 1/2-1/2

[Event "SR 3. liga A2 2014/2015"]
[Site "?"]
[Date "2014.10.19"]
[Round "1.3"]
[White "Janas, Peter"]
[Black "Havlicek, Peter"]
[Result "1/2-1/2"]
[WhiteElo "1736"]
[BlackElo "1837"]
[PlyCount "124"]
[EventDate "2015.??.??"]

1. d4 e6 2. Nf3 d5 3. g3 c5 4. c4 Nf6 5. Nc3 Nc6 6. Bg2 dxc4 7. e3 Nb4 8. O-O
Nd3 9. Qa4+ Bd7 10. Qxc4 Nxc1 11. Rfxc1 Rc8 12. Ne5 cxd4 13. Qxd4 Bc5 14. Qd2
Rc7 15. Rd1 Qe7 16. Nxd7 Rxd7 17. Qc2 O-O 18. Rxd7 Qxd7 19. Ne4 Be7 20. Rc1 Nd5
21. Qb3 b5 22. Rd1 b4 23. Nd2 Qb5 24. Bf1 Qc5 25. Nc4 a5 26. Qa4 Ra8 27. Qd7
Bf8 28. Ne5 Ra7 29. Qc6 Rc7 30. Qxc5 Rxc5 31. Nc4 f5 32. Kg2 Kf7 33. Rd2 a4 34.
Bd3 b3 35. axb3 axb3 36. Ne5+ Ke7 37. Nf3 g6 38. Nd4 Bg7 39. Nxb3 Rc7 40. Nd4
Rb7 41. Bc4 Bxd4 42. exd4 Kd6 43. Kf1 g5 44. h3 Rb4 45. Be2 Nb6 46. Ba6 Na4 47.
Bc8 Kd5 48. Re2 Rb6 49. b3 Nc3 50. Re1 Kxd4 51. Rxe6 Rxb3 52. Re7 f4 53. gxf4
gxf4 54. Kg2 Ne4 55. Rd7+ Ke5 56. Rd1 Ng5 57. Re1+ Kf6 58. h4 Nf7 59. Re6+ Kg7
60. Re7 Kf6 61. Re6+ Kg7 62. Re7 Kf6 1/2-1/2

[Event "SR 3. liga A2 2014/2015"]
[Site "?"]
[Date "2014.10.19"]
[Round "1.3"]
[White "Zisek, Jaroslav"]
[Black "Tupy, Bystrik"]
[Result "1-0"]
[WhiteElo "1819"]
[BlackElo "1782"]
[PlyCount "87"]
[EventDate "2015.??.??"]

1. c4 c5 2. Nf3 Nc6 3. Nc3 Nf6 4. d4 cxd4 5. Nxd4 e6 6. Ndb5 a6 7. Nd6+ Bxd6 8.
Qxd6 Qe7 9. Bf4 O-O 10. Qxe7 Nxe7 11. Bd6 Re8 12. g3 Nc6 13. Bg2 e5 14. Rd1 Re6
15. Bh3 Re8 16. O-O e4 17. a3 e3 18. f3 Ne5 19. b3 Nc6 20. f4 h5 21. Nd5 Nxd5
22. Rxd5 g6 23. Bc5 b6 24. Bxb6 Rb8 25. c5 Rb7 26. Rfd1 f5 27. Bg2 Ne7 28. R5d3
Nc6 29. Bd5+ Kg7 30. Bc4 Rb8 31. Rc1 Re4 32. Rcc3 Nd4 33. Rxe3 Rxe3 34. Rxe3
Nc2 35. Rd3 Nxa3 36. Bc7 Rb7 37. Be5+ Kf8 38. Bxa6 Rc7 39. Bxc7 Bxa6 40. Rxd7
Bxe2 41. Bd6+ Kg8 42. c6 Nb5 43. c7 Nxd6 44. Rxd6 1-0

[Event "SR 3. liga A2 2014/2015"]
[Site "?"]
[Date "2014.10.19"]
[Round "1.4"]
[White "Mihalik, Marek"]
[Black "Kovacocy, Pavel"]
[Result "0-1"]
[WhiteElo "2025"]
[BlackElo "2192"]
[PlyCount "182"]
[EventDate "2015.??.??"]

1. d4 f5 2. c4 Nf6 3. Nc3 g6 4. Nf3 Bg7 5. Bf4 O-O 6. h3 Ne4 7. e3 Nxc3 8. bxc3
d6 9. Qb3 c5 10. Rd1 Qa5 11. Be2 Nd7 12. O-O Nf6 13. Nd2 Bd7 14. Qb2 b6 15. Bf3
Rae8 16. Bg5 Qa6 17. Rfe1 Qc8 18. d5 h6 19. Bf4 g5 20. Bh2 g4 21. hxg4 fxg4 22.
Be2 Bf5 23. f3 gxf3 24. Bxf3 Bg4 25. e4 Bxf3 26. Nxf3 Qg4 27. Qe2 Qh5 28. Rd3
Ng4 29. Bg3 Qg6 30. Nh4 Qg5 31. Nf5 Rf7 32. Bh4 Qg6 33. Bg3 h5 34. Bf4 Bf6 35.
Rg3 Kh8 36. Rh3 Rh7 37. a4 Rg8 38. a5 bxa5 39. Rb1 Bg5 40. Bxg5 Qxg5 41. Rf3 h4
42. Rh3 Ne5 43. Rb7 Ng6 44. Qf2 a4 45. Rxa7 Rb8 46. Kh2 Ne5 47. Ne3 Qxe3 48.
Qxe3 Ng4+ 49. Kh1 Rb1+ 50. Qg1 Nf2+ 51. Kh2 Rxg1 52. Kxg1 Nxh3+ 53. gxh3 Rg7+
54. Kh2 Kg8 55. Rxa4 Rg3 56. Ra2 Rxc3 57. Rg2+ Kf7 58. Rg4 Rc2+ 59. Kg1 Rxc4
60. Rxh4 Rd4 61. Rf4+ Kg6 62. h4 c4 63. Kf2 c3 64. Ke2 c2 65. Rf1 Rxe4+ 66. Kd3
Re5 67. Kxc2 Rxd5 68. Kc3 e5 69. Rf8 Rd4 70. Rd8 Kf6 71. h5 Ke6 72. h6 Rh4 73.
Rh8 Kd5 74. h7 Rh3+ 75. Kd2 Ke4 76. Rd8 Rxh7 77. Rxd6 Rh2+ 78. Ke1 Ke3 79. Kf1
Rd2 80. Ra6 Rd1+ 81. Kg2 e4 82. Re6 Rd5 83. Re8 Rf5 84. Re7 Kd3 85. Rd7+ Ke2
86. Re7 Rg5+ 87. Kh2 e3 88. Ra7 Kf2 89. Rf7+ Ke1 90. Ra7 e2 91. Ra1+ Kf2 0-1

[Event "SR 3. liga A2 2014/2015"]
[Site "?"]
[Date "2014.10.19"]
[Round "1.4"]
[White "Machalova, Erika"]
[Black "Stepanovic, Branislav"]
[Result "1-0"]
[WhiteElo "2102"]
[BlackElo "2003"]
[PlyCount "57"]
[EventDate "2015.??.??"]

1. d4 d5 2. c4 e6 3. Nc3 Nf6 4. Bg5 Be7 5. Nf3 O-O 6. e3 Nbd7 7. Qc2 b6 8. cxd5
exd5 9. Bb5 Bb7 10. O-O Rc8 11. Rfd1 c6 12. Ba4 b5 13. Bb3 b4 14. Ne2 Ne4 15.
Bxe7 Qxe7 16. Qb1 Rfe8 17. Re1 Nxf2 18. Kxf2 Qxe3+ 19. Kf1 Ba6 20. Bd1 Nf6 21.
Qc1 Qe4 22. Qd2 Re6 23. Bc2 Qg4 24. Kg1 Ne4 25. Qf4 Qg6 26. Ne5 Qf6 27. Qxf6
gxf6 28. Nf3 Ng5 29. Bf5 1-0

[Event "SR 3. liga A2 2014/2015"]
[Site "?"]
[Date "2014.10.19"]
[Round "1.4"]
[White "Manak, Jozef"]
[Black "Cechovic, Stefan"]
[Result "1/2-1/2"]
[WhiteElo "1984"]
[BlackElo "2155"]
[PlyCount "38"]
[EventDate "2015.??.??"]

1. e4 c5 2. Nf3 a6 3. c4 d6 4. d4 Bg4 5. dxc5 Bxf3 6. Qxf3 dxc5 7. Qd3 Nc6 8.
Nc3 Qxd3 9. Bxd3 O-O-O 10. Bb1 b6 11. O-O e6 12. f4 Bd6 13. e5 Bc7 14. Be4 Nge7
15. Be3 Nd4 16. Bxd4 Rxd4 17. b3 h6 18. Rad1 Rhd8 19. Rxd4 Rxd4 1/2-1/2

[Event "SR 3. liga A2 2014/2015"]
[Site "?"]
[Date "2014.10.19"]
[Round "1.4"]
[White "Sarmir, Milos"]
[Black "Mihalik, Anton"]
[Result "1/2-1/2"]
[WhiteElo "2011"]
[BlackElo "1958"]
[PlyCount "60"]
[EventDate "2015.??.??"]

1. Nf3 Nf6 2. d4 d5 3. c4 e6 4. Nc3 Be7 5. Bg5 a6 6. e3 dxc4 7. Bxc4 b5 8. Bd3
Bb7 9. O-O Nbd7 10. Rc1 Rc8 11. Qe2 c5 12. dxc5 Nxc5 13. Bb1 O-O 14. Rfd1 Qb6
15. b4 Na4 16. Nxa4 bxa4 17. a3 Rxc1 18. Rxc1 Rd8 19. Nd4 a5 20. bxa5 Qxa5 21.
Bxf6 Bxf6 22. Qb2 Qd5 23. f3 Qg5 24. Re1 Qa5 25. Kf2 Qa7 26. Qc2 g6 27. Nc6
Bxc6 28. Qxc6 Rd2+ 29. Re2 Qa5 30. Bc2 Bb2 1/2-1/2

[Event "SR 3. liga A2 2014/2015"]
[Site "?"]
[Date "2014.10.19"]
[Round "1.4"]
[White "Nemsak, Denis"]
[Black "Markuliak, Mario"]
[Result "1-0"]
[WhiteElo "1957"]
[BlackElo "1811"]
[PlyCount "75"]
[EventDate "2015.??.??"]

1. c4 c5 2. Nc3 Nc6 3. g3 g6 4. Bg2 Bg7 5. d3 Nf6 6. e4 O-O 7. Nge2 a6 8. O-O
Rb8 9. Be3 d6 10. h3 b5 11. Qd2 b4 12. Nd5 e6 13. Nxf6+ Qxf6 14. b3 Qb2 15.
Qxb2 Bxb2 16. Rad1 Nd4 17. Nxd4 Bxd4 18. Bxd4 cxd4 19. f4 e5 20. Rc1 Bd7 21. h4
Rbc8 22. Kh2 Rc5 23. fxe5 dxe5 24. Rf6 a5 25. Rd6 Bg4 26. Rc2 Ra8 27. Rf2 a4
28. Rb6 axb3 29. axb3 Ra3 30. Rxb4 Bd1 31. Rb8+ Kg7 32. Rb7 Rxb3 33. Rfxf7+ Kg8
34. Rg7+ Kf8 35. Rbf7+ Ke8 36. Bh3 Rb2+ 37. Kg1 Be2 38. Be6 1-0

[Event "SR 3. liga A2 2014/2015"]
[Site "?"]
[Date "2014.10.19"]
[Round "1.4"]
[White "Vlkovic, Pavol"]
[Black "Bincik, Pavol"]
[Result "1/2-1/2"]
[WhiteElo "1820"]
[BlackElo "1941"]
[PlyCount "108"]
[EventDate "2015.??.??"]

1. e4 c6 2. d3 d5 3. Qe2 Nf6 4. e5 Ng8 5. d4 Qb6 6. c3 Bf5 7. Nf3 e6 8. Nh4 Bg6
9. Nxg6 hxg6 10. Nd2 c5 11. Nf3 Nc6 12. Be3 Nh6 13. Qb5 Nf5 14. Qxb6 axb6 15.
Bb5 Be7 16. g3 Ra5 17. a4 O-O 18. Ke2 Rfa8 19. b3 Rd8 20. h4 Raa8 21. h5 gxh5
22. Rxh5 g6 23. Rh2 Kg7 24. Bxc6 bxc6 25. Rah1 Rh8 26. Bg5 Rxh2 27. Rxh2 Bxg5
28. Nxg5 Kg8 29. Kd3 cxd4 30. cxd4 Ra5 31. Nh7 Ng7 32. Nf6+ Kf8 33. Rh7 Nf5 34.
Nd7+ Kg8 35. Nf6+ Kf8 36. Rh8+ Kg7 37. Rg8+ Kh6 38. g4 Ne7 39. Rh8+ Kg5 40. Ke3
Nf5+ 41. gxf5 b5 42. f4+ Kxf5 43. Ng8 Kg4 44. Rh1 bxa4 45. Nf6+ Kg3 46. Rg1+
Kh2 47. Kf2 Rb5 48. Ng4+ Kh3 49. Kf3 Rxb3+ 50. Ne3 Kh2 51. Rg4 a3 52. Rh4+ Kg1
53. Rg4+ Kh2 54. Rh4+ Kg1 1/2-1/2